Soccer Player 25 or More Goals in Serie A By 1 Season - Sudden Death - Statistics

General Stats
  • This quiz has been taken 204 times
    202 since last reset
  • The average score is 5 of 16
Answers on the Grid
Answers color-coded by a green-red scale on the quiz's grid according to % correct below.
Adrian Mutu
Alessandro Del Piero
Andrea Belotti
Antonio Di Natale
Ciro Immobile
Cristiano Ronaldo
Dario Hübner
Diego Maradona
Dries Mertens
Duván Zapata
Edin Dzeko
Edinson Cavani
Fabio Quagliarella
Francesco Totti
Gianluca Vialli
Gonzalo Higuaín
Lautaro Martínez
Luca Toni
Luis Muriel
Marco van Basten
Mauro Icardi
Michel Platini
Oliver Bierhoff
Paulo Dybala
Roberto Baggio
Roberto Mancini
Romelu Lukaku
Ronaldinho
Victor Osimhen
Zlatan Ibrahimović
 
Answer Stats
Answer % Correct
Cristiano Ronaldo
66%
Ciro Immobile
64%
Gonzalo Higuaín
48%
Antonio Di Natale
46%
Edin Dzeko
35%
Mauro Icardi
32%
Andrea Belotti
29%
Zlatan Ibrahimović
28%
Edinson Cavani
27%
Dries Mertens
26%
Luca Toni
26%
Fabio Quagliarella
25%
Francesco Totti
25%
Victor Osimhen
25%
Marco van Basten
19%
Oliver Bierhoff
5%
No matching quizzes found
Score Distribution
Percent of People with Each Score
Percentile by Number Answered
Your Score History
You have not taken this quiz since the last reset